01424nam a2200385Ia 4500001001200000003000800012006001900020007001500039008004100054020002500095020002200120020001800142040002100160035002100181050002700202082001700229100001700246245005200263250001200315260004100327300001600368490002700384500002400411500005500435504005100490533015200541600004600693650004900739655002900788710002100817710001700838830004000855856012600895999001701021ebr10723921CaPaEBRm o u cr cn|||||||||040728s2012 enk sb 001 0 eng d z9780746311639 (pbk.) z074631163X (pbk.) z9780746312278 aCaPaEBRcCaPaEBR a(OCoLC)85456950614aPR6035.H96bZ44 2012eb04a823/.9122221 aCarr, Helen.10aJean Rhysh[electronic resource] /cHelen Carr. a2nd ed. aTavistock :bNorthcote House,c2012. axvi, 153 p.1 aWriters and their work aPrevious ed.: 1996. aPublished in association with the British Council. aIncludes bibliographical references and index. aElectronic reproduction.bPalo Alto, Calif. :cebrary,d2013.nAvailable via World Wide Web.nAccess may be limited to ebrary affiliated libraries.10aRhys, JeanxCriticism and interpretation. 0aNovelists, Englishy20th centuryvBiography. 7aElectronic books.2local2 aBritish Council.2 aebrary, Inc. 0aWriters and their work (Unnumbered)40uhttp://site.ebrary.com/lib/rucke/Doc?id=10723921zAn electronic book accessible through the World Wide Web; click to view c38448d38448